书目信息 |
| 题名: |
中国古代社会商品经济形态研究
|
|
| 作者: | 冷鹏飞 著 | |
| 分册: | ||
| 出版信息: | 北京 中华书局 2002 |
|
| 页数: | 430页 | |
| 开本: | 21cm | |
| 丛书名: | ||
| 单 册: | ||
| 中图分类: | F129.2 | |
| 科图分类: | ||
| 主题词: | 商品经济--研究--中国--古代 | |
| 电子资源: | ||
| ISBN: | 7-101-02906-X | |
| 000 | 00596nam0 2200193 45 | |
| 001 | 0401291543 | |
| 005 | 20060725180423.79 | |
| 010 | @a7-101-02906-X@dCNY26.00 | |
| 100 | @a20040129d2002 km y0chiy0120 ea | |
| 101 | 0 | @achi |
| 105 | @a z 000yy | |
| 200 | 1 | @a中国古代社会商品经济形态研究@AZhong Guo Gu Dai She Hui Shang Pin Jing Ji Xing Tai Yan Jiu@f冷鹏飞著@FLeng Peng Fei Zhu |
| 210 | @a北京@c中华书局@d2002 | |
| 215 | @a430页@d21cm | |
| 606 | 0 | @a商品经济@x研究@y中国@z古代 |
| 690 | @aF129.2@v4 | |
| 701 | 0 | @a冷鹏飞@4著 |
| 801 | @aCN@bTSTCL@c20060725 | |
| 905 | @b333007-009@dF129.2@e66@f3 | |
| 中国古代社会商品经济形态研究/冷鹏飞著.-北京:中华书局,2002 |
| 430页;21cm |
| ISBN 7-101-02906-X:CNY26.00 |
| ● |
| 相关链接 |
|
|
|
|
正题名:中国古代社会商品经济形态研究
索取号:F129.2/66
 
预约/预借
| 序号 | 登录号 | 条形码 | 馆藏地/架位号 | 状态 | 备注 |
| 1 | 0333007 | 203330074 | 第一借阅区/ [索取号:F129.2/66] | 在馆 | |
| 2 | 0333008 | 203330083 | 第一借阅区/ [索取号:F129.2/66] | 在馆 | |
| 3 | 0333009 | 203330092 | 第一样本阅览室/ [索取号:F129.2/66] | 在馆 |